Historia de la filosofía del derecho y del estado
Gardado en:
| Autor Principal: | |
|---|---|
| Formato: | Libro |
| Idioma: | Lingua castelá |
| Publicado: |
Madrid, España
Revista de Occidente
1956
|
| Edición: | Segunda edición |
| Subjects: | |
| Tags: |
Engadir etiqueta
Sen Etiquetas, Sexa o primeiro en etiquetar este rexistro!
|
MARC
| LEADER | 00000nam a2200000 a 4500 | ||
|---|---|---|---|
| 001 | UCS5879 | ||
| 003 | CL-VaPUC | ||
| 005 | 20250303154911.0 | ||
| 008 | 970906e19560000SP |||||||||||||||||spa|d | ||
| 999 | |c 262010 |d 262008 | ||
| 040 | |c Pontificia Universidad Católica de Valparaíso | ||
| 082 | 0 | 4 | |a 340.1 TRU 1956 |2 21 |
| 100 | 0 | |a Truyol y Serra, Antonio |e author |9 391419 | |
| 245 | 1 | 0 | |a Historia de la filosofía del derecho y del estado |
| 250 | |a Segunda edición | ||
| 260 | |a Madrid, España |b Revista de Occidente |c 1956 | ||
| 300 | |a volúmenes | ||
| 500 | |a v.1: De los orígenes a la baja Edad Media | ||
| 583 | |a last modification |c 19970906 00:00:00 |k Rodrigo Vera | ||
| 600 | 0 | |a San Agustín de Hipona |x Teólogo y filósofo cristiano |9 311590 | |
| 600 | 0 | |a Tomás de Aquino |d 1220-1274 |c Santo |9 255832 | |
| 600 | 0 | |a Marsilio de Padua, |d 1275-1342 |9 258246 | |
| 600 | 0 | |a Cusa, Nicolás de |9 265876 | |
| 650 | 0 | |a Filosofía del derecho |9 255050 | |
| 650 | 0 | |a Historia |9 255047 | |
| 650 | 0 | |a Filosofía antigua |9 255705 | |
| 650 | 7 | |a SOFISTAS |2 CL-VaPUC |9 391420 | |
| 650 | 7 | |a ESTOICISMO |2 CL-VaPUC |9 391421 | |
| 650 | 0 | |a Cristianismo |9 257361 | |
| 650 | 7 | |a ISLAM |2 CL-VaPUC |9 349147 | |
| 650 | 0 | |a Imperio Bizantino |9 315386 | |
| 651 | 0 | |a Egipto |9 268199 | |
| 651 | 7 | |a ASIRIA |2 CL-VaPUC |9 357602 | |
| 651 | 7 | |a BABILONIA |2 CL-VaPUC |9 322408 | |
| 651 | 7 | |a IRAN |2 CL-VaPUC |9 314095 | |
| 651 | 0 | |a Israel |9 314378 | |
| 651 | 0 | |a China |9 257545 | |
| 651 | 0 | |a India |9 267804 | |
| 651 | 0 | |a Grecia |9 265314 | |
| 651 | 0 | |a Roma |9 255106 | |
| 942 | |c BK |2 ddc | ||
| 945 | |d 19970906 00:00:00 |a lriquelm | ||
| 952 | |0 0 |1 0 |4 0 |6 340_100000000000000_TRU_1956 |7 0 |8 DER_TF |9 290159 |a BIBDER |b BIBDER |d 2019-11-19 |h v.1 |i 1880292 |o 340.1 TRU 1956 |p 1880292 |r 2023-01-25 |w 2019-11-19 |x Ubicación 4to Piso |y BK |z Estos recursos deben solicitarse con anticipación |k DER | ||
| 952 | |0 0 |1 0 |4 0 |6 340_100000000000000_TRU_1956 |7 0 |8 A |9 290160 |a BIBDER |b BIBDER |d 2019-11-19 |h v.1 |i 4129512 |o 340.1 TRU 1956 |p 4129512 |r 2023-01-25 |w 2019-11-19 |y BK |k DER | ||